عرض عادي
عرض مارك
- Barut, A. O.
مدخل إسم شخص
001 - رقم الضبط
- حقل الضبط: 40598
003 - معرف رقم الضبط
- حقل الضبط: OSt
005 - تاريخ ووقت أخر عملية
- حقل الضبط: 20131118182845.0
008 - عناصر بيانات ثابتة الطول
- حقل تحكم ثابت الطول: 131118|||a|||||| | ||| d
040 ## - مصدر الفهرسة
- هيئة الفهرسة الأصلية: OSt
- وكالة الكتابة: OSt
100 ## - مدخل -- أسم شخص
- إسم شخص: Barut, A. O.
- الشكل الكامل للاسم: (Asim Orhan),
- تواريخ مرتبطة بالاسم: 1926-
670 ## - بيانات المصدر موجوده
- الاستشهاد بالمصدر: Work cat.: (OSt)0: Barut, A. O. (Asim Orhan), 1926-, Electrodynamics and classical theory of fields & particles /, 1980.
